000 00621nam a22001817a 4500
003 UA-OsUOA
001 13955
007 ta
008 20030707b un ||||| |||| 00| 0 ukr d
100 _aПогонська В.
942 _cSA
040 _aUA-OsUOA
_cUA-OsUOA
_dUA-OsUOA
245 _aПродукція високовольтників - для найвибагливіших споживачів:[ Про ВАТ "РЗВА"]
300 _aС.2
955 _a0
773 0 _w0
_tСім днів
_dРівне
_d2003
_g№21/23 трав./
650 7 _aЕлектротехнічна промисловість
_2UDC
999 _c300116
_d300116